000 00488nam a22001817a 4500
005 20240909144718.0
008 230721b |||||||| |||| 00| 0 eng d
020 _a1292015683
082 _a621.382
_bPRO-F
100 _aProakis,John
245 _aFundamentals of communication systems /
_cMasoud Salehi
260 _aUSA:
_bPearson;
_c2014.
300 _axiv, 923 p . :
_bill;
_c24 cm.
500 _aIndex Include.
650 _aNetworking
700 _aMasoud Salehi
999 _c33108
_d33108